[Event "A Lot More Stanley"]
[Site "SchemingMind.com"]
[Date "2011.01.24"]
[Round "-"]
[White "emvarela"]
[Black "Jerry Sven"]
[Result "1-0"]
[WhiteCountry "ARG"]
[BlackCountry "USA"]
[WhiteElo "1800"]
[WhiteRD "49"]
[BlackElo "1280"]
[BlackRD "142"]
[GameID "273857"]

1. e4 g6 2. d4 Bg7 3. c4 b6 4. Nf3 Bb7 5. Nc3 d6 6. Bd3 Nd7 7. O-O e6 8. Be3 Ne7 9. Qd2 O-O 10. Bh6 c5
11. dxc5 bxc5 12. Bxg7 Kxg7 13. Nb5 a6 14. Nxd6 Bc6 15. Qc3+ f6 16. Ng5 h6 17. Nxe6+ Kh7 18. Nxd8 Rfxd8 19. Rad1 Nb6 20. Qxf6 Ra7
21. e5 Nd7 22. Qxe7+ Kg8 23. Qf7+ Kh8 24. Bxg6 Nxe5 25. Qf6+ Kg8 26. Qxe5 Rad7 27. Qe6+ Kg7 28. Nf5+ Kf8 29. Rxd7 Bxd7 30. Qf7#
1-0

[Event "A Lot More Stanley"]
[Site "SchemingMind.com"]
[Date "2011.01.24"]
[Round "-"]
[White "Jerry Sven"]
[Black "emvarela"]
[Result "0-1"]
[WhiteCountry "USA"]
[BlackCountry "ARG"]
[WhiteElo "1275"]
[WhiteRD "143"]
[BlackElo "1799"]
[BlackRD "49"]
[GameID "273859"]

1. b3 e5 2. Bb2 Nc6 3. g3 d5 4. Bg2 Be6 5. e3 Nf6 6. Ne2 Bd6 7. O-O O-O 8. d3 Qd7 9. Nd2 Bh3 10. c4 Bxg2
11. Kxg2 Bb4 12. a3 Bxd2 13. Qxd2 dxc4 14. bxc4 Rad8 15. f4 Qxd3 16. Qxd3 Rxd3 17. Rfd1 Rxe3 18. Kf2 Ng4+ 19. Kf1 Nxh2+ 20. Kf2 Ng4+
21. Kf1 exf4 22. gxf4 Rfe8 23. Bc1 Rxe2 24. f5 Nd4 25. Bf4 Nxf5 26. Re1 Rxe1+ 27. Rxe1 Rxe1+ 28. Kxe1 c6 29. Kd2 h5 30. Kd3 h4
31. Ke4 g6 32. Kf3 Nf6 33. Bg5 Kg7 34. Kg2 Ne4 35. Bf4 g5 36. Be5+ f6
0-1

[Event "A Lot More Stanley"]
[Site "SchemingMind.com"]
[Date "2011.01.24"]
[Round "-"]
[White "aston294"]
[Black "Jonno"]
[Result "1-0"]
[WhiteCountry "ENG"]
[BlackCountry "ENG"]
[WhiteElo "1075"]
[WhiteRD "65"]
[BlackElo "1016"]
[BlackRD "106"]
[GameID "273917"]

1. d4 d5 2. Nf3 c5 3. dxc5 Nc6 4. Nc3 e5 5. e3 Bg4 6. h3 Bh5 7. g4 Bg6 8. Nxd5 Bxc5 9. c4 Nb4 10. a3 Nc2+
11. Kd2 Nxa1 12. Ke1 Ne7 13. Nxe5 Be4 14. Rg1 Nxd5 15. Bd3
1-0

[Event "A Lot More Stanley"]
[Site "SchemingMind.com"]
[Date "2011.01.25"]
[Round "-"]
[White "Jonno"]
[Black "aston294"]
[Result "0-1"]
[WhiteCountry "ENG"]
[BlackCountry "ENG"]
[WhiteElo "1016"]
[WhiteRD "106"]
[BlackElo "1075"]
[BlackRD "65"]
[GameID "273922"]

1. e4 e5 2. Nf3 Nc6 3. Bb5 a6 4. Ba4 b5 5. Bb3 Nf6 6. O-O d6 7. Ng5 h6 8. Nxf7 Qe7 9. Nxh8 Nd4 10. Ng6 Qd7
11. Nxf8 Kxf8 12. d3 Nxb3 13. cxb3 Ng4 14. f3 h5 15. fxg4+ Ke8
0-1

[Event "A Lot More Stanley"]
[Site "SchemingMind.com"]
[Date "2011.01.27"]
[Round "-"]
[White "Brian Acebo"]
[Black "lontjr"]
[Result "1-0"]
[WhiteCountry "USA"]
[BlackCountry "USA"]
[WhiteElo "1665"]
[WhiteRD "80"]
[BlackElo "1440"]
[BlackRD "83"]
[GameID "274261"]

1. e4 c5 2. Nf3 g6 3. d4 cxd4 4. Nxd4 Nc6 5. Be3 Nf6 6. Nc3 Bg7 7. Bc4 O-O 8. Qd2 e5 9. Nde2 b6 10. O-O-O Bb7
11. f3 d6 12. Qxd6 Qxd6 13. Rxd6 Rfd8 14. Rhd1 Rac8 15. Rxd8+ Rxd8 16. Rxd8+ Nxd8 17. g4 Bc8 18. h4 Ne6 19. Ng3 Nf4 20. g5 N6h5
21. Nxh5 gxh5 22. Nd5 Ng6 23. Bf2 Bh3 24. Kd2 Bg2 25. Ke3 Nf4 26. Ne7+ Kh8 27. Bxf7
1-0

[Event "A Lot More Stanley"]
[Site "SchemingMind.com"]
[Date "2011.01.26"]
[Round "-"]
[White "lontjr"]
[Black "Brian Acebo"]
[Result "0-1"]
[WhiteCountry "USA"]
[BlackCountry "USA"]
[WhiteElo "1440"]
[WhiteRD "83"]
[BlackElo "1665"]
[BlackRD "80"]
[GameID "274267"]

1. e4 c6 2. d4 d5 3. exd5 cxd5 4. Bd3 e6 5. Nf3 Nf6 6. O-O h6 7. Nc3 a6 8. Bf4 Bd6 9. Bxd6 Qxd6 10. Ne5 Nc6
11. Re1 O-O 12. Qf3 Nxd4 13. Qd1 Nc6 14. Qf3 Nxe5 15. Qf4 Nfd7 16. Re3 Qe7 17. Rxe5 Nxe5 18. Qxe5 b5 19. Nxd5 Qd7 20. Nf6+ gxf6
21. Qxf6 Qd5 22. Qxh6 f5 23. Re1 Ra7 24. Rxe6 Qxe6
0-1

[Event "A Lot More Stanley"]
[Site "SchemingMind.com"]
[Date "2011.01.29"]
[Round "-"]
[White "Netferatu"]
[Black "Mitch The Man"]
[Result "1-0"]
[WhiteCountry "ARG"]
[BlackCountry "USA"]
[WhiteElo "2330"]
[WhiteRD "110"]
[BlackElo "1377"]
[BlackRD "60"]
[GameID "274476"]

1. e4 c6 2. d4 g6 3. Nc3 Bg7 4. Nf3 h6 5. Bd3 Nf6 6. O-O O-O 7. Be3 Ng4 8. Bf4 d6 9. e5 dxe5 10. dxe5 g5
11. Bg3 f6 12. exf6 Rxf6 13. Bc4+
1-0

[Event "A Lot More Stanley"]
[Site "SchemingMind.com"]
[Date "2011.01.30"]
[Round "-"]
[White "edalt"]
[Black "XTC"]
[Result "1-0"]
[WhiteCountry "USA"]
[BlackCountry "COL"]
[WhiteElo "1952"]
[WhiteRD "186"]
[BlackElo "1938"]
[BlackRD "61"]
[GameID "274477"]

1. Nf3 Nf6 2. c4 g6 3. Nc3 Bg7 4. e4 d6 5. d4 O-O 6. Be2 e5 7. d5 a5 8. Bg5 h6 9. Bh4 b6 10. Nd2 Bb7
11. a3 c6 12. O-O Nbd7 13. b4 axb4 14. axb4 Rxa1 15. Qxa1 Qa8 16. Qb2 cxd5 17. Ra1 Qb8 18. cxd5 g5 19. Bg3 h5 20. f3 g4
21. Nc4 gxf3 22. gxf3 Rc8 23. Nb5 Bf8 24. Bf2
1-0

[Event "A Lot More Stanley"]
[Site "SchemingMind.com"]
[Date "2011.01.29"]
[Round "-"]
[White "Mitch The Man"]
[Black "Netferatu"]
[Result "0-1"]
[WhiteCountry "USA"]
[BlackCountry "ARG"]
[WhiteElo "1377"]
[WhiteRD "60"]
[BlackElo "2330"]
[BlackRD "110"]
[GameID "274481"]

1. e4 c5 2. c4 g6 3. d3 Nc6 4. Nf3 Nf6 5. Be2 Bg7 6. O-O d6 7. h3 O-O 8. a3 Bd7 9. Nc3 Nd4 10. Nxd4 cxd4
11. Na2 b5 12. cxb5 Bxb5 13. a4 Bd7 14. Bd2 Qb6 15. Qb1 Rab8 16. Bc1 Bxa4 17. Bd1 Bxd1 18. Rxd1 Qb3 19. Rd2 Rfc8 20. Kh2 Bh6
21. Re2 Qd1
0-1

[Event "A Lot More Stanley"]
[Site "SchemingMind.com"]
[Date "2011.01.30"]
[Round "-"]
[White "XTC"]
[Black "edalt"]
[Result "0-1"]
[WhiteCountry "COL"]
[BlackCountry "USA"]
[WhiteElo "1924"]
[WhiteRD "64"]
[BlackElo "2053"]
[BlackRD "111"]
[GameID "274482"]

1. d4 Nf6 2. c4 g6 3. g3 Bg7 4. Nf3 d5 5. Bg2 O-O 6. O-O dxc4 7. Na3 Nc6 8. Nxc4 Be6 9. Nce5 Bd5 10. Nxc6 Bxc6
11. Bf4 Bd5 12. Qd3 c6 13. b3 Be4 14. Qd2 a5 15. Rfc1 a4 16. Be5 axb3 17. axb3 Qb6 18. b4 Rfd8 19. Rxa8 Rxa8 20. Ne1 Bxg2
21. Kxg2 Nd5 22. Bxg7 Kxg7 23. Rb1 Ra4 24. Nd3 Qxd4
0-1

[Event "A Lot More Stanley"]
[Site "SchemingMind.com"]
[Date "2011.01.31"]
[Round "-"]
[White "MazetaFighter"]
[Black "shaqattack"]
[Result "0-1"]
[WhiteCountry "GRE"]
[BlackCountry "ENG"]
[WhiteElo "1618"]
[WhiteRD "116"]
[BlackElo "1578"]
[BlackRD "69"]
[GameID "274528"]

1. e4 c5 2. Nf3 d6 3. d4 cxd4 4. Nxd4 Nf6 5. Nc3 g6 6. Be3 Bg7 7. Be2 a6 8. Qd2 Nbd7 9. O-O-O h6 10. f4 O-O
0-1

[Event "A Lot More Stanley"]
[Site "SchemingMind.com"]
[Date "2011.01.30"]
[Round "-"]
[White "shaqattack"]
[Black "MazetaFighter"]
[Result "1-0"]
[WhiteCountry "ENG"]
[BlackCountry "GRE"]
[WhiteElo "1578"]
[WhiteRD "69"]
[BlackElo "1618"]
[BlackRD "116"]
[GameID "274532"]

1. e4 e5 2. Nf3 Nc6 3. Bb5 a6 4. Ba4 d6 5. O-O Bd7 6. c3 Nge7 7. d4 Ng6 8. dxe5 dxe5 9. Re1 Be7 10. h3 O-O
11. Nbd2
1-0

[Event "A Lot More Stanley"]
[Site "SchemingMind.com"]
[Date "2011.01.30"]
[Round "-"]
[White "sidra"]
[Black "jtrochez1"]
[Result "1-0"]
[WhiteCountry "HUN"]
[BlackCountry "HON"]
[WhiteElo "1697"]
[WhiteRD "87"]
[BlackElo "1616"]
[BlackRD "50"]
[GameID "274590"]

1. d4 Nf6 2. c4 g6 3. e3 Bg7 4. f3 O-O 5. Bd3 d5 6. c5 c6 7. a3 e6 8. Ne2 Nbd7 9. O-O e5 10. b4 b5
11. cxb6 axb6 12. Nbc3 Re8 13. b5 c5 14. dxc5 Nxc5 15. Bc2 Be6 16. a4 Nb7 17. Bb3 Nc5 18. Bc2 Qc7 19. Bd2 e4 20. fxe4 Nfxe4
21. Bxe4 Nxe4 22. Rc1 Qa7 23. Nd4 Bxd4 24. exd4 Nxd2 25. Qxd2 Kg7 26. h3 Rac8 27. Rf3 Qa5 28. Qf4 Qb4 29. Kh2 Rf8 30. h4 Qe7
31. g3 Qc7 32. Qd2 Qd7 33. Rf4 f5 34. Rff1 Rf7 35. Ne2 Rxc1 36. Rxc1 Qd8 37. Nf4 Re7 38. Rc6 Bf7 39. Kh3 Be8 40. Ne6+ Rxe6
41. Rxe6 Bd7 42. Re2 Qf6 43. Rf2 Qd6 44. Kg2 h5 45. Qb2 Qf6 46. Kh2 Qd6 47. Qe2 Kf7 48. Qc2 Kg7 49. Rf4 Qf6 50. Qc7 Qe6
51. Qe5+ Qxe5 52. dxe5 Be6 53. Kg2 Kf7 54. Kf3 Kg7 55. Ke3 Kf7 56. Kd3 Kg7 57. Kc3 Kh6 58. Kb4 g5 59. hxg5+ Kxg5 60. a5 bxa5+
61. Kxa5 Bc8 62. b6 Bb7 63. Kb5 Kg6 64. Kc5 Kg5 65. Kd6 h4 66. Rxh4
1-0

[Event "A Lot More Stanley"]
[Site "SchemingMind.com"]
[Date "2011.01.30"]
[Round "-"]
[White "Olli Ylönen"]
[Black "goingnowhere"]
[Result "1/2-1/2"]
[WhiteCountry "FIN"]
[BlackCountry "NZL"]
[WhiteElo "1607"]
[WhiteRD "51"]
[BlackElo "2002"]
[BlackRD "214"]
[GameID "274591"]

1. e4 e6 2. d4 d5 3. Nc3 Nf6 4. Bg5 Be7 5. e5 Nfd7 6. Bxe7 Qxe7 7. f4 O-O 8. Nf3 c5 9. Qd2 Nc6 10. dxc5 f6
11. exf6 Qxf6 12. g3 Nxc5 13. O-O-O Rd8 14. Bd3 Bd7 15. Rhe1 Rac8 16. Kb1 Be8 17. Ne5 Nxe5 18. Rxe5 Nd7 19. Ree1 Bh5 20. Be2 Bg6
21. Bd3 Bh5 22. Be2 Bg6 23. Bd3 Bh5 24. Be2=
1/2-1/2

[Event "A Lot More Stanley"]
[Site "SchemingMind.com"]
[Date "2011.01.30"]
[Round "-"]
[White "jtrochez1"]
[Black "sidra"]
[Result "0-1"]
[WhiteCountry "HON"]
[BlackCountry "HUN"]
[WhiteElo "1606"]
[WhiteRD "52"]
[BlackElo "1695"]
[BlackRD "86"]
[GameID "274596"]

1. e4 e5 2. Nf3 d6 3. h3 Nf6 4. Nc3 c6 5. d3 h6 6. Be3 Be7 7. Qd2 b5 8. Be2 a5 9. O-O b4 10. Nd1 c5
11. Nh2 Be6 12. f4 exf4 13. Bxf4 Nc6 14. Nf3 Nd7 15. c4 bxc3 16. bxc3 Nf6 17. Nh2 Nh7 18. Nf3 O-O 19. a4 g5 20. Bh2 f6
21. Ne3 Ne5 22. Nxe5 fxe5 23. c4 Nf6 24. Rab1 Bd7 25. Bd1 Qe8 26. Nd5 Nxd5 27. Rxf8+ Bxf8 28. cxd5 Bxa4 29. Rb7 Bxd1 30. Qxd1 a4
31. Qg4 a3 32. Qf5 Bg7 33. Qf1 a2 34. Qa1 Qc8 35. Rb6 Ra6 36. Rc6 Qb7
0-1

[Event "A Lot More Stanley"]
[Site "SchemingMind.com"]
[Date "2011.01.30"]
[Round "-"]
[White "goingnowhere"]
[Black "Olli Ylönen"]
[Result "1-0"]
[WhiteCountry "NZL"]
[BlackCountry "FIN"]
[WhiteElo "2002"]
[WhiteRD "214"]
[BlackElo "1607"]
[BlackRD "51"]
[GameID "274597"]

1. d4 d5 2. c4 c6 3. Nc3 Nf6 4. e3 e6 5. Nf3 Nbd7 6. Qc2 Bd6 7. g4 dxc4 8. Bxc4 e5 9. g5 Nd5 10. Bd2 exd4
11. Qe4+ Ne7 12. Qxd4 Nf5 13. Qe4+ Ne7 14. Qc2 Nb6 15. Be2 Bf5 16. Ne4 Bc7 17. Nh4 Bxe4 18. Qxe4 Qd5 19. Qxd5 Nexd5 20. O-O-O Rd8
21. Nf5 O-O 22. Bf3 f6 23. gxf6 Nxf6 24. Bb4 Rxd1+ 25. Rxd1 Rd8 26. Rxd8+ Bxd8 27. Nd6 Be7 28. Ba3 Bxd6 29. Bxd6 Nfd5 30. Bd1 Nc4
31. Bb8 a6 32. e4 Nb4 33. Be2 Nxa2+ 34. Kb1 Nd2+ 35. Kxa2 Nxe4 36. Bg4 Nxf2 37. Bc8 b5 38. Bxa6 h5 39. Ka3 h4 40. Bb7 c5
41. Bd6 Ne4 42. Bxe4
1-0

[Event "A Lot More Stanley"]
[Site "SchemingMind.com"]
[Date "2011.03.18"]
[Round "-"]
[White "Netferatu"]
[Black "aston294"]
[Result "1-0"]
[WhiteCountry "ARG"]
[BlackCountry "ENG"]
[WhiteElo "2323"]
[WhiteRD "107"]
[BlackElo "1075"]
[BlackRD "65"]
[GameID "278396"]

1. e4 e5 2. Nf3 Nc6 3. Bc4 Nd4 4. Nxd4 exd4 5. d3 Nf6 6. Bg5 c5 7. e5 h6 8. exf6 gxf6 9. Qe2+ Qe7 10. Bxf6 Qxe2+
11. Kxe2 d6 12. Bxh8 Bg4+ 13. Kd2 h5 14. Re1+ Kd8 15. Bf6+ Kd7 16. g3 Re8 17. Bb5+ Kc7 18. Rxe8 Bh6+ 19. f4 a6 20. Bd8+ Kc8
21. Bb6#
1-0

[Event "A Lot More Stanley"]
[Site "SchemingMind.com"]
[Date "2011.03.18"]
[Round "-"]
[White "aston294"]
[Black "Netferatu"]
[Result "0-1"]
[WhiteCountry "ENG"]
[BlackCountry "ARG"]
[WhiteElo "1053"]
[WhiteRD "60"]
[BlackElo "2323"]
[BlackRD "112"]
[GameID "278398"]

1. e4 c5 2. Nc3 Nc6 3. Nf3 e6 4. Bb5 Nge7 5. d4 cxd4 6. Nxd4 a6 7. Bxc6 Nxc6 8. Nxc6 bxc6 9. O-O Bc5 10. h4 Qxh4
11. g3 Qxg3+ 12. Kh1 Qh3+ 13. Kg1 h5 14. Ne2 Qg4+ 15. Ng3 Qxg3+ 16. Kh1 Bxf2 17. Rxf2 Qxf2 18. Qg1 Qh4+ 19. Kg2 Qe1 20. Qxe1 h4
21. a4 f6 22. c4 c5 23. e5 Rb8 24. Qe3 Kf7 25. Qxc5 Rb3 26. Ra3 Bb7+ 27. Kf2 Rxa3 28. bxa3 h3 29. Qe3 h2 30. Qe1 h1=Q
31. Qxh1 Rxh1 32. Be3 f5 33. Bb6 g5
0-1

[Event "A Lot More Stanley"]
[Site "SchemingMind.com"]
[Date "2011.04.04"]
[Round "-"]
[White "edalt"]
[Black "Brian Acebo"]
[Result "1-0"]
[WhiteCountry "USA"]
[BlackCountry "USA"]
[WhiteElo "1858"]
[WhiteRD "73"]
[BlackElo "1682"]
[BlackRD "83"]
[GameID "279884"]

1. e4 c5 2. Nf3 d6 3. d4 cxd4 4. Nxd4 Nf6 5. Nc3 a6 6. Bc4 Qc7 7. Bb3 g6 8. Bg5 Bg7 9. Qd2 O-O 10. Bxf6 Bxf6
11. Nd5 Qc5 12. Nxf6+ exf6 13. O-O Nc6 14. Rad1 Rd8 15. c3 b5 16. Nxc6 Rd7 17. Bd5 Bb7 18. Nb4 Bxd5 19. Qxd5 Qxd5 20. Rxd5 Kf8
21. Rfd1 Ke7 22. Nc6+ Ke6 23. f4 h5 24. f5+
1-0

[Event "A Lot More Stanley"]
[Site "SchemingMind.com"]
[Date "2011.04.05"]
[Round "-"]
[White "Brian Acebo"]
[Black "edalt"]
[Result "1-0"]
[WhiteCountry "USA"]
[BlackCountry "USA"]
[WhiteElo "1709"]
[WhiteRD "87"]
[BlackElo "1814"]
[BlackRD "76"]
[GameID "279891"]

1. e4 c5 2. Nf3 d6 3. d4 cxd4 4. Nxd4 Nf6 5. Nc3 a6 6. Bc4 e6 7. O-O b5 8. Bd3 Bb7 9. Bg5 Be7 10. a3 Nbd7
11. f4 Qb6 12. Ne2 e5 13. fxe5 dxe5 14. Kh1 exd4 15. b4 O-O 16. Ng3 h6 17. Bd2 Rfe8 18. c3 dxc3 19. Bxc3 Nxe4 20. Nxe4 Bf8
21. Ng3 Qc6 22. Qc2 Rac8 23. Rac1 Nb6 24. Rf2 Na4 25. Ne2 Nxc3 26. Nxc3 Qb6 27. Re2
1-0

[Event "A Lot More Stanley"]
[Site "SchemingMind.com"]
[Date "2011.05.16"]
[Round "-"]
[White "shaqattack"]
[Black "emvarela"]
[Result "0-1"]
[WhiteCountry "ENG"]
[BlackCountry "ARG"]
[WhiteElo "1618"]
[WhiteRD "80"]
[BlackElo "1750"]
[BlackRD "48"]
[GameID "283813"]

1. e4 e5 2. Nf3 Nc6 3. Bb5 a6 4. Ba4 Nf6 5. O-O Be7 6. Re1 b5 7. Bb3 O-O 8. c3 d5 9. exd5 Nxd5 10. d4 exd4
11. Nxd4 Nxd4 12. Qxd4 Bb7 13. Bxd5 Bf6 14. Bxf7+ Rxf7 15. Qxd8+ Rxd8 16. Be3 Rfd7 17. Nd2 Rxd2 18. Bxd2 Rxd2 19. Rad1 Rxb2 20. Rd7 Kf8
21. Rxc7 Bd5 22. Rc8+ Kf7 23. Rc7+ Kg6 24. Ra1 Bxa2 25. Rc6 a5 26. Rb6 Bc4 27. Ra6 a4 28. g3 Kf5 29. Rc1 Rb3 30. Ra8 Rxc3
31. Rxc3 Bxc3 32. f4 Bd4+ 33. Kg2 Bd5+ 34. Kh3 Bxa8
0-1

[Event "A Lot More Stanley"]
[Site "SchemingMind.com"]
[Date "2011.05.16"]
[Round "-"]
[White "emvarela"]
[Black "shaqattack"]
[Result "1-0"]
[WhiteCountry "ARG"]
[BlackCountry "ENG"]
[WhiteElo "1728"]
[WhiteRD "46"]
[BlackElo "1615"]
[BlackRD "78"]
[GameID "283827"]

1. e4 c5 2. Nf3 d6 3. d4 cxd4 4. Nxd4 Nf6 5. Nc3 g6 6. Be3 Bg7 7. f3 O-O 8. Qd2 Nc6 9. O-O-O a6 10. g4 Ne5
11. Be2 Bd7 12. h3 Rc8 13. f4 Nc4 14. Bxc4 Rxc4 15. Nb3 Rxc3 16. Qxc3 Nxe4 17. Qd3 Bc6 18. Rh2 Qc7 19. Bd4 Bxd4 20. Nxd4 d5
21. Nxc6 Qxc6 22. Qxd5 Qxd5 23. Rxd5 Nf6 24. Rd4 e6 25. c4 Rc8 26. b3 b5 27. Rc2 bxc4 28. Rdxc4 Rxc4 29. Rxc4 Nd5 30. Rc8+ Kg7
31. Rc4 Ne3 32. Ra4 Ng2 33. Kd2 Nh4 34. Rxa6 Nf3+ 35. Ke3 Ne1 36. a4 Nc2+ 37. Ke4 Nb4 38. Ra7 Nc6 39. Rc7 Nb4 40. a5 Na6
41. Rc6 Nb4 42. Rc4 Na6 43. b4 f5+ 44. Ke5 fxg4 45. hxg4 h5 46. gxh5 gxh5 47. Kxe6 h4 48. f5 h3 49. b5 h2 50. f6+ Kg6
51. Rh4 Nc5+ 52. Ke7
1-0

[Event "A Lot More Stanley"]
[Site "SchemingMind.com"]
[Date "2011.05.29"]
[Round "-"]
[White "sidra"]
[Black "goingnowhere"]
[Result "0-1"]
[WhiteCountry "HUN"]
[BlackCountry "NZL"]
[WhiteElo "1701"]
[WhiteRD "95"]
[BlackElo "2039"]
[BlackRD "203"]
[GameID "285114"]

1. d4 d5 2. e3 Nf6 3. f3 c5 4. dxc5 e5 5. b4 a5 6. c3 axb4 7. cxb4 b6 8. cxb6 Bxb4+ 9. Bd2 Qxb6 10. Kf2 Bc5
11. Ne2 d4 12. Ke1 dxe3 13. Bc3 Nc6 14. g4 Nd4 15. Nxd4 exd4 16. a4 dxc3 17. Nxc3 Bb4 18. Bb5+ Ke7 19. Qb3 Qd4 20. Rd1 Qxc3+
21. Qxc3 Bxc3+ 22. Ke2 Bd2 23. h4 Rd8 24. h5 Rxa4 25. Rb1 Ra5 26. Bd3 Nd5 27. Kf1 Nc3 28. Rb2 Rxd3 29. Kg2 e2 30. Kf2 e1=Q+
31. Rxe1+ Bxe1+ 32. Kxe1 Ra2 33. Rxa2 Nxa2 34. Ke2 Nc1+ 35. Kf2 Bb7 36. Kg3 Rxf3+ 37. Kh4 Bc8 38. h6 gxh6 39. g5 Rh3#
0-1

[Event "A Lot More Stanley"]
[Site "SchemingMind.com"]
[Date "2011.05.29"]
[Round "-"]
[White "goingnowhere"]
[Black "sidra"]
[Result "1-0"]
[WhiteCountry "NZL"]
[BlackCountry "HUN"]
[WhiteElo "2066"]
[WhiteRD "192"]
[BlackElo "1647"]
[BlackRD "94"]
[GameID "285120"]

1. d4 d5 2. c4 e6 3. Nc3 dxc4 4. e4 c6 5. Bxc4 Bb4 6. Nf3 h6 7. O-O Ne7 8. Qe2 Bxc3 9. bxc3 a6 10. a4 O-O
11. Bd3 b6 12. e5 Nd5 13. Bd2 a5 14. Qe4 f5 15. exf6 Nxf6 16. Qg6 Kh8 17. Ne5 Qe8 18. Rfe1 Kg8 19. Qg3 Nh5 20. Qh4 Nf6
21. Rab1 Ba6 22. Bc2 Nh5 23. Bg6 Qc8 24. Qxh5 Ra7 25. Bc2 c5 26. Qg6 Re8 27. Qh7+ Kf8 28. Qh8+ Ke7 29. Qxg7+ Kd6 30. Rxb6+ Nc6
31. Qxa7 Re7 32. dxc5+ Kd5 33. Bb3+ Kxc5 34. Rxc6#
1-0

[Event "A Lot More Stanley"]
[Site "SchemingMind.com"]
[Date "2011.09.09"]
[Round "-"]
[White "goingnowhere"]
[Black "Netferatu"]
[Result "1/2-1/2"]
[WhiteCountry "NZL"]
[BlackCountry "ARG"]
[WhiteElo "2248"]
[WhiteRD "173"]
[BlackElo "2339"]
[BlackRD "121"]
[GameID "292315"]

1. d4 Nf6 2. c4 e6 3. Nc3 Bb4 4. e3 O-O 5. Ne2 d5 6. a3 Be7 7. cxd5 exd5 8. g3 c6 9. Bg2 Na6 10. O-O Nc7
11. b4 a5 12. bxa5 Ne6 13. Bd2 Rxa5 14. a4 Re8 15. Re1 Ra7 16. a5 Bd6 17. a6 b5 18. e4 b4 19. Nxd5 Nxd5 20. exd5 cxd5
21. Rb1 Bxa6 22. Bxb4 Bxb4 23. Rxb4 Bc4 24. Rb1 Qd6 25. Nc3 Ra5 26. Qd2 Qd7 27. Re5 Rea8 28. h4 h6 29. Kh2 Qd6 30. Bh3 Nc7
31. Ne4= Ra2 32. Qxa2 Bxa2 33. Nxd6 Bxb1 34. Bf5 Bxf5 35. Nxf5 Ra4 36. h5 Kf8 37. Kg2 g6 38. hxg6 fxg6 39. Nxh6 Rxd4 40. Rg5 Kg7
41. Nf5+ Kf6 42. Nxd4 Kxg5 43. Kf3 Kf6 44. Ke3 g5=
1/2-1/2

[Event "A Lot More Stanley"]
[Site "SchemingMind.com"]
[Date "2011.09.25"]
[Round "-"]
[White "Brian Acebo"]
[Black "emvarela"]
[Result "1/2-1/2"]
[WhiteCountry "USA"]
[BlackCountry "ARG"]
[WhiteElo "1685"]
[WhiteRD "96"]
[BlackElo "1819"]
[BlackRD "48"]
[GameID "293752"]

1. e4 e5 2. Nf3 Nc6 3. Bb5 a6 4. Ba4 Nf6 5. d3 b5 6. Bb3 d6 7. h3 Na5 8. c3 c5 9. Bc2 Be7 10. O-O O-O
11. b4 cxb4 12. cxb4 Nc6 13. a3 Bb7 14. Re1 Qc7 15. Bb2 Rac8 16. Bb3 a5 17. bxa5 Nxa5 18. Ba2 Qc2 19. Qxc2 Rxc2 20. Bc3 Ra8
21. Rd1 d5 22. Bxe5 dxe4 23. dxe4 Bxe4 24. Nbd2 Bxf3 25. Nxf3 Nc4 26. Nd4 Rd2 27. Nxb5 Rxd1+ 28. Rxd1 Nxe5 29. Re1 Nfd7 30. f4 Bc5+
31. Kf1 Ng6 32. g3 Bxa3 33. Re3 Bc5 34. Re2 h5 35. Kg2 Ra5 36. Nc3 h4 37. Ne4 hxg3 38. Kxg3 Ra3+ 39. Kg4 Re3 40. Rxe3 Bxe3
41. f5 Nge5+ 42. Kg3 Nf6 43. Nxf6+ gxf6 44. h4 Kh7 45. Bb1 Kh6 46. Bc2 Bd2 47. Bd1 Be1+ 48. Kh3 Nd3 49. Bf3 Nf4+ 50. Kg4 Nh5
51. Bd5 Ng3 52. Bf3 Nxf5 53. Kxf5 Bxh4 54. Bg4=
1/2-1/2

[Event "A Lot More Stanley"]
[Site "SchemingMind.com"]
[Date "2011.09.25"]
[Round "-"]
[White "emvarela"]
[Black "Brian Acebo"]
[Result "1-0"]
[WhiteCountry "ARG"]
[BlackCountry "USA"]
[WhiteElo "1819"]
[WhiteRD "48"]
[BlackElo "1685"]
[BlackRD "96"]
[GameID "293757"]

1. e4 c5 2. Nf3 d6 3. d4 cxd4 4. Nxd4 Nf6 5. Nc3 g6 6. Be3 Bg7 7. f3 O-O 8. Qd2 Re8 9. O-O-O a6 10. g4 Qc7
11. h4 e5 12. Nb3 Nc6 13. Nd5 Nxd5 14. exd5 Ne7 15. Be2 b5 16. h5 Bb7 17. hxg6 fxg6 18. Bh6 Bh8 19. Bd3 Nxd5 20. Be4 Nf6
21. Bxb7 Qxb7 22. Qxd6 Bg7 23. Bxg7 Qxg7 24. Nc5 a5 25. Ne6 Qe7 26. Qxe7 Rxe7 27. Rd8+ Rxd8 28. Nxd8 a4 29. Nc6 Re6 30. Na7 b4
31. Nb5 Rb6 32. Na7 b3 33. cxb3 axb3 34. a3 Rb7 35. Re1 Rxa7 36. Rxe5 Rc7+ 37. Kb1 Rb7 38. g5 Nh5 39. a4 Nf4 40. Re4 Nh3
41. f4 Rf7 42. Rb4 Rxf4 43. Rxb3 Nxg5 44. Rb8+ Kf7 45. a5 Ne6 46. a6 Ra4 47. Rb7+ Kf6 48. a7 Ng5 49. b3 Ra6 50. b4 Ke6
51. b5 Ra5 52. b6 Kd6 53. Rb8 Kc6 54. a8=Q+ Rxa8 55. Rxa8 Kxb6 56. Re8 Kc6 57. Kc2 Kd5 58. Kd3 Nf3 59. Ke3 Ne5 60. Kf4
1-0

[Event "A Lot More Stanley"]
[Site "SchemingMind.com"]
[Date "2012.03.31"]
[Round "-"]
[White "goingnowhere"]
[Black "emvarela"]
[Result "1-0"]
[WhiteCountry "NZL"]
[BlackCountry "ARG"]
[WhiteElo "2269"]
[WhiteRD "180"]
[BlackElo "1697"]
[BlackRD "45"]
[GameID "306888"]

1. d4 Nf6 2. c4 e6 3. Nc3 Bb4 4. e3 O-O 5. Ne2 d5 6. a3 Be7 7. cxd5 exd5 8. h3 Be6 9. g4 c5 10. dxc5 Bxc5
11. Bg2 Nc6 12. O-O Qe7 13. Nb5 a6 14. Nbd4 Bxd4 15. Nxd4 Nxd4 16. Qxd4 Rfd8 17. b3 Rac8 18. Bb2 Ne8 19. Rac1 Rxc1 20. Rxc1 f6
21. Rd1 Nc7 22. a4 Kf7 23. Qb6 Ne8 24. Qd4 Qd6 25. Bf3 Nc7 26. h4 b5 27. g5 Ne8 28. axb5 axb5 29. Bh5+ Ke7 30. Bc3 Qc6
31. e4 Rd7 32. e5 fxg5 33. Rc1 Qb7 34. Qc5+ Kd8 35. Ba5+
1-0

[Event "A Lot More Stanley"]
[Site "SchemingMind.com"]
[Date "2012.03.31"]
[Round "-"]
[White "emvarela"]
[Black "goingnowhere"]
[Result "0-1"]
[WhiteCountry "ARG"]
[BlackCountry "NZL"]
[WhiteElo "1740"]
[WhiteRD "47"]
[BlackElo "2260"]
[BlackRD "182"]
[GameID "306891"]

1. e4 e6 2. d4 d5 3. Nc3 Nf6 4. e5 Nfd7 5. f4 c5 6. Nf3 Nc6 7. Be3 Be7 8. Qd2 O-O 9. dxc5 Bxc5 10. Bxc5 Nxc5
11. Nd4 f6 12. Nxc6 bxc6 13. Qd4 Nd7 14. exf6 c5 15. Qf2 Qxf6 16. g3 Rb8 17. Nd1 e5 18. c3 exf4 19. Bg2 f3 20. Bh3 Ne5
21. Bxc8 Nd3+
0-1